000 01041cam a2200253 a 4500
020 _a0521632471 (hardbound)
020 _a0521634954 (paperback)
040 _cDLC
082 0 0 _a636 NAT 1999 A056 Or.
100 2 _aClutton-Brock, Juliet.
245 1 2 _aA natural history of domesticated mammals /
250 _a2nd ed.
260 _aCambridge, U.K. ;
_aNew York, NY, USA :
_bCambridge University Press ;
_a[London] ;
_bNatural History Museum,
_c1999.
300 _aviii, 238 p. :
_bill. (some col.), maps ;
_c26 cm.
500 _a"First published in paperback in 1987. Formerly published in hardback as Domesticated animals from early times"--T.p. verso.
650 0 _aDomestic animals
650 0 _aDomestication
700 1 _aClutton-Brock, Juliet.
710 2 _aNatural History Museum (London, England)
856 4 1 _uhttp://www.loc.gov/catdir/samples/cam032/98037220.html
856 4 2 _uhttp://www.loc.gov/catdir/description/cam029/98037220.html
856 4 1 _uhttp://www.loc.gov/catdir/toc/cam025/98037220.html
942 _cEK
999 _c15785
_d15785